Datum a čas kvízu

31 Celkem bodů Celkový počet nahraných bodů na tomto kvízu bez doplňovacích otázek.
11. Pořadí na kvízu Konečné umístění týmu na tomto kvízu.

Zaznamenané odpovědi

# Otázka Odpověď Body Výsledky
1. Jak se jmenuje kandidát na úst... Pavel Simon 0
2. Minulý týden oznámila 46letá p... v Itálii 1
3. Ve čtvrtek koncertoval v pražs... Louis Tomlinson, One Direction 0.5
4. Nápojářský gigant Kofola bude... v Kolumbii 1
5. O víkendu padl v české nejvyšš... Zlín, Mladá Boleslav 1
6. V tomto tématu zabrousíme do č... Ilja Racek 0
7. Drama Nabarvené ptáče z roku 2... Václav Marhoul 0
8. V srpnu 2023 přišel do kin fil... Nikdy neříkej nikdy 1
9. Autorská dvojice Ladislav Pech... Dobří holubi se vracejí 1
10. Ptakopysk sice není pták, ale... Nejistá sezona 0